| 000 | 00616 a2200241 4500 | ||
|---|---|---|---|
| 003 | DLC | ||
| 005 | 20260326135346.0 | ||
| 008 | 2026s2026 xx 000 0 eng d | ||
| 020 | _a9780443125942 | ||
| 040 |
_aDLC _beng |
||
| 050 | 4 | _aRC 55 .K86 2026 | |
| 100 | 1 |
_aRandall, David _eeditor |
|
| 245 | 1 | 0 |
_aKumar and Clark's Clinical Medicine _cEdited by David Randall; John Booth; Kate Wiles |
| 250 | _a11th ed. | ||
| 264 | 1 |
_bElsevier _c2026 |
|
| 300 | _a1568p. ill | ||
| 336 | _2CC | ||
| 338 | _2CC | ||
| 650 | 0 | _aInternal medicine | |
| 650 | 0 | _aClinical medicine | |
| 650 | 0 | _aMedicine | |
| 942 |
_2lcc _cBK |
||
| 999 |
_c44186 _d44186 |
||